The Cairo trilogy / (Record no. 15390)
[ view plain ]
| 000 -LEADER | |
|---|---|
| fixed length control field | 01656cac a22004215a 4500 |
| 001 - CONTROL NUMBER | |
| control field | 12591102 |
| 003 - CONTROL NUMBER IDENTIFIER | |
| control field | EG-ScBUE |
| 005 - DATE AND TIME OF LATEST TRANSACTION | |
| control field | 20220327114213.0 |
| 008 - FIXED-LENGTH DATA ELEMENTS--GENERAL INFORMATION | |
| fixed length control field | 011116t2001 nyu f b 000 f eng d |
| 020 ## - INTERNATIONAL STANDARD BOOK NUMBER | |
| International Standard Book Number | 0375413316 |
| 020 ## - INTERNATIONAL STANDARD BOOK NUMBER | |
| International Standard Book Number | 9780375413315 |
| 035 ## - SYSTEM CONTROL NUMBER | |
| System control number | (OCoLC)ocm48175407 |
| 040 ## - CATALOGING SOURCE | |
| Original cataloging agency | JCL |
| Language of cataloging | eng |
| Description conventions | rda |
| Transcribing agency | JCL |
| Modifying agency | DIV |
| -- | EG-ScBUE |
| -- | DLC |
| -- | EG-ScBUE |
| 041 1# - LANGUAGE CODE | |
| Language code of text/sound track or separate title | eng |
| Language code of original and/or intermediate translations of text | ara |
| 082 04 - DEWEY DECIMAL CLASSIFICATION NUMBER | |
| Classification number | 892.736 |
| Edition number | 22 |
| Item number | MAH |
| 100 1# - MAIN ENTRY--PERSONAL NAME | |
| Personal name | Mahfuz, Najib, |
| Dates associated with a name | 1911-2006, |
| Relator term | author. |
| 9 (RLIN) | 24093 |
| 245 14 - TITLE STATEMENT | |
| Title | The Cairo trilogy / |
| Statement of responsibility, etc | Naguib Mahfouz ; translated by William Maynard Hutchins [and three others] ; with an introduction by Sabry Hafez. |
| 264 #1 - PUBLICATION, DISTRIBUTION, ETC. (IMPRINT) | |
| Place of publication, distribution, etc | New York : |
| Name of publisher, distributor, etc | Alfred. Knopf, |
| Date of publication, distribution, etc | [2001] |
| 264 #4 - PUBLICATION, DISTRIBUTION, ETC. (IMPRINT) | |
| Date of publication, distribution, etc | c2001 |
| 300 ## - PHYSICAL DESCRIPTION | |
| Extent | xliii, 1313 pages ; |
| Dimensions | 21 cm. |
| 336 ## - CONTENT TYPE | |
| Source | rdacontent |
| Content type term | text |
| Content type code | txt |
| 337 ## - MEDIA TYPE | |
| Source | rdamedia |
| Media type term | unmediated |
| Media type code | n |
| 338 ## - CARRIER TYPE | |
| Source | rdacarrier |
| Carrier type term | volume |
| Carrier type code | nc |
| 490 0# - SERIES STATEMENT | |
| Series statement | Everyman's library ; |
| Volume number/sequential designation | 248 |
| 504 ## - BIBLIOGRAPHY, ETC. NOTE | |
| Bibliography, etc | Includes bibliographical references. |
| 505 0# - FORMATTED CONTENTS NOTE | |
| Formatted contents note | Palace walk -- Palace of desire -- Sugar street. |
| 546 ## - LANGUAGE NOTE | |
| Language note | Text in English ; translated from the original Arabic. |
| 586 ## - AWARDS NOTE | |
| Awards note | Winner of The Nobel Prize in Literature |
| 650 ## - SUBJECT ADDED ENTRY--TOPICAL TERM | |
| Source of heading or term | BUEsh |
| 651 #7 - SUBJECT ADDED ENTRY--GEOGRAPHIC NAME | |
| 9 (RLIN) | 2798 |
| Geographic name | Cairo (Egypt) |
| General subdivision | Fiction. |
| Source of heading or term | BUEsh |
| 653 ## - INDEX TERM--UNCONTROLLED | |
| Arrived date list | May2011 |
| Resource For college | Arabic Literature |
| 655 ## - INDEX TERM--GENRE/FORM | |
| Form subdivision | Reading book |
| 9 (RLIN) | 34232 |
| 700 1# - ADDED ENTRY--PERSONAL NAME | |
| Personal name | Hutchins, William M., |
| Relator term | translator. |
| 9 (RLIN) | 24095 |
| 856 42 - ELECTRONIC LOCATION AND ACCESS | |
| Materials specified | Contributor biographical information |
| Uniform Resource Identifier | <a href="http://www.loc.gov/catdir/bios/random053/2001277061.html">http://www.loc.gov/catdir/bios/random053/2001277061.html</a> |
| 856 42 - ELECTRONIC LOCATION AND ACCESS | |
| Materials specified | Publisher description |
| Uniform Resource Identifier | <a href="http://www.loc.gov/catdir/description/random044/2001277061.html">http://www.loc.gov/catdir/description/random044/2001277061.html</a> |
| 942 ## - ADDED ENTRY ELEMENTS (KOHA) | |
| Source of classification or shelving scheme | Dewey Decimal Classification |
| Koha item type | Book - Borrowing |
| Withdrawn status | Lost status | Source of classification or shelving scheme | Damaged status | Not for loan | Collection code | Home library | Current library | Shelving location | Date acquired | Source of acquisition | Cost, normal purchase price | Serial Enumeration / chronology | Total Checkouts | Total Renewals | Full call number | Barcode | Date last seen | Date checked out | Koha item type |
|---|---|---|---|---|---|---|---|---|---|---|---|---|---|---|---|---|---|---|---|
| Dewey Decimal Classification | Baccah | Central Library | Central Library | Second Floor | 25/05/2011 | 348.00 | 12344 | 3 | 5 | 892.736 MAH | 000023717 | 15/07/2025 | 12/06/2017 | Book - Borrowing |